000 02061nam a22002297a 4500
003 PILC
005 20160127143520.0
008 140123b xxu||||| |||| 00| 0 eng d
020 _a9780446613439
050 _aPS 3569.P363
_b.Sp26q 2003
100 _aSparks, Nicholas
245 _aThe guardian
_c Nicholas Sparks.
260 _aNew York
_b: Fiction Vision,
_c2000.
300 _a494p. :
_bill. ;
_c18 cm.
520 _ay When confronted by raging fires or deadly accidents, volunteer fireman Taylor McAden feels compelled to take terrifying risks - risks no one else in the department would ever take - to save lives. But there is one leap of faith Taylor can't bring himself to make: He can't fall in love. For all his adult years, Taylor has sought out women who need to be rescued, women he leaves as soon as their crisis is over, as soon as the relationship starts to become truly intimate. Then, one day, a raging, record-breaking storm hits his small Southern town. Denise Holton, a young single mother, is driving through it when her car skids off the road. With her is her four-year-old son, Kyle, a boy with severe learning disabilities and for whom she has sacrificed everything. Unconscious and bleeding, she-but not Kyle-will be found by Taylor McAden. And when she wakes, the chilling truth becomes clear to both of them: Kyle is gone. During the search for Kyle, the connection, the lifeline, between Taylor and Denise takes root. Taylor doesn't know that this rescue will be different from all the others, demanding far more than raw physical courage. That it will lead him to the possibility of his own rescue from a life lived without love. That it will require him to open doors to his past that were slammed shut by pain. That it will dare him to live life to the fullest by daring to love.
650 _a Widows --Fiction
650 _a. Swansboro (N.C.) --Fiction.
650 _aTriangles (Interpersonal relations) --Fiction
650 _aRomantic love- Juvenile Fiction
942 _2lcc
_cBK
999 _c26096
_d26096